[Event "Transcontinental ABCD"]
[Site "Montreal CAN"]
[Date "2022.06.04"]
[Round "2"]
[White "Nica, Ion"]
[Black "Afarian, Aram Sevag"]
[Result "1/2-1/2"]
[WhiteElo "1696"]
[BlackElo "1696"]
[PlyCount "48"]
[EventDate "2022.06.03"]
[EventType "tourn"]
[EventRounds "5"]
[EventCountry "CAN"]

1. d4 Nf6 2. Bf4 c5 3. d5 d6 4. c4 b5 5. cxb5 a6 6. bxa6 Bxa6 7. Nc3 g6 8. e4
Bxf1 9. Kxf1 Bg7 10. h4 Nbd7 11. Nf3 Ng4 12. h5 Qb6 13. Qc2 Nge5 14. hxg6 hxg6
15. Rxh8+ Bxh8 16. Nxe5 Nxe5 17. Bxe5 Bxe5 18. Qe2 Rb8 19. Nd1 Qb4 20. Rc1 Qa5
21. b3 Ra8 22. Rc2 Qb4 23. Rc4 Qa3 24. Rc2 Qb4 1/2-1/2

[Event "Transcontinental ABCD"]
[Site "Montreal CAN"]
[Date "2022.06.04"]
[Round "2"]
[White "Sekki, Abderaouf"]
[Black "Letarte-Lavoie, Francis"]
[Result "1-0"]
[WhiteElo "1792"]
[BlackElo "1865"]
[PlyCount "89"]
[EventDate "2022.06.03"]
[EventType "tourn"]
[EventRounds "5"]
[EventCountry "CAN"]

1. d4 d5 2. c4 e6 3. Nc3 c5 4. cxd5 cxd4 5. Qa4+ Bd7 6. Qxd4 exd5 7. Nf3 Nc6 8.
Qd1 Nf6 9. Bg5 Bb4 10. e3 h6 11. Bxf6 Qxf6 12. Rc1 O-O-O 13. a3 Bxc3+ 14. Rxc3
Kb8 15. Be2 Rhe8 16. O-O d4 17. exd4 Be6 18. Bb5 Bd5 19. Ne5 Bxg2 20. Kxg2 Nxd4
21. Ng4 Qg5 22. Bxe8 Ne6 23. Qf3 h5 24. Kh1 hxg4 25. Qxf7 Qe5 26. Re3 Qd5+ 27.
Kg1 Rd6 28. Rc1 Qd2 29. Rec3 a6 30. R3c2 Qd4 31. Rc8+ Ka7 32. Qh5 Rd5 33. R8c4
Qd3 34. Qh4 Nd4 35. Rxd4 Qxd4 36. b4 Re5 37. Bg6 Qf4 38. Rd1 Qf3 39. Qd8 Re2
40. Qd4+ Ka8 41. Qc5 Qf6 42. Bd3 Re8 43. Bf1 Rh8 44. Bg2 Qf4 45. Qc1 1-0

[Event "Transcontinental ABCD"]
[Site "Montreal CAN"]
[Date "2022.06.04"]
[Round "2"]
[White "Varro, Daniel"]
[Black "Baran, Marius"]
[Result "1-0"]
[WhiteElo "1774"]
[BlackElo "1753"]
[PlyCount "85"]
[EventDate "2022.06.03"]
[EventType "tourn"]
[EventRounds "5"]
[EventCountry "CAN"]

1. c4 Nf6 2. Nc3 e6 3. e4 d6 4. g3 c5 5. Bg2 Nc6 6. Nge2 e5 7. O-O Be7 8. d3
O-O 9. Rb1 Be6 10. h3 Rb8 11. Nd5 a6 12. Be3 b5 13. f4 Bxd5 14. exd5 Nd4 15.
fxe5 dxe5 16. g4 Ne8 17. Ng3 Nd6 18. Ne4 Rc8 19. b3 h6 20. Qd2 f5 21. Nxd6 Qxd6
22. Bxd4 exd4 23. Rxf5 Bg5 24. Qe2 Be3+ 25. Kh1 Rfe8 26. Be4 g6 27. Rf3 Bf4 28.
Rbf1 g5 29. Qf2 bxc4 30. bxc4 Rb8 31. Qe2 Kg7 32. Qc2 Rb7 33. Rb1 Reb8 34. Rff1
Be3 35. Rxb7+ Rxb7 36. Rb1 Rf7 37. Bf5 h5 38. Qg2 h4 39. Qf3 Kh6 40. Kg2 Rf8
41. Rb7 Rxf5 42. gxf5 Bf4 43. Qe4 1-0

[Event "Transcontinental ABCD"]
[Site "Montreal CAN"]
[Date "2022.06.04"]
[Round "3"]
[White "Afarian, Aram Sevag"]
[Black "Bain-Thouverez, Aurelien"]
[Result "0-1"]
[WhiteElo "1696"]
[BlackElo "1720"]
[PlyCount "60"]
[EventDate "2022.06.03"]
[EventType "tourn"]
[EventRounds "5"]
[EventCountry "CAN"]

1. d4 d5 2. Bf4 c5 3. e3 Nf6 4. Bd3 Nc6 5. c3 Qb6 6. Qb3 c4 7. Qxb6 axb6 8. Bc2
e6 9. Nd2 b5 10. a4 b4 11. Ngf3 b3 12. Bd1 b5 13. a5 Rxa5 14. Rxa5 Nxa5 15. O-O
Be7 16. Be2 O-O 17. Bc7 Nc6 18. Nxb3 cxb3 19. Bxb5 Bb7 20. Ra1 Rc8 21. Be5 Ne4
22. h3 f6 23. Bh2 Ra8 24. Rxa8+ Bxa8 25. Bxc6 Bxc6 26. Ne1 Nxc3 27. Nd3 Bb5 28.
Nc1 Ne2+ 29. Nxe2 Bxe2 30. e4 Ba3 0-1

[Event "Transcontinental ABCD"]
[Site "Montreal CAN"]
[Date "2022.06.04"]
[Round "3"]
[White "Baran, Marius"]
[Black "Jiang, Barron Jiyu"]
[Result "0-1"]
[WhiteElo "1753"]
[BlackElo "1740"]
[PlyCount "54"]
[EventDate "2022.06.03"]
[EventType "tourn"]
[EventRounds "5"]
[EventCountry "CAN"]

1. d4 Nf6 2. Nf3 d5 3. Bf4 c5 4. e3 Nc6 5. c3 Qb6 6. b3 Bf5 7. Bd3 Bxd3 8. Qxd3
c4 9. Qc2 cxb3 10. axb3 e6 11. O-O Be7 12. Nbd2 O-O 13. c4 Nb4 14. Qb1 Rfc8 15.
Rc1 a5 16. c5 Qb5 17. e4 Nd3 18. Bg5 Nxc1 19. e5 Ne2+ 20. Kh1 Ng4 21. g3 Nc3
22. Qe1 Bxg5 23. Nxg5 h6 24. Ngf3 Ne4 25. Nxe4 dxe4 26. Nd2 Qd3 27. Nxe4 Qxe4+
0-1

[Event "Transcontinental ABCD"]
[Site "Montreal CAN"]
[Date "2022.06.04"]
[Round "3"]
[White "Forgues, Eric"]
[Black "Girard, Sylvain"]
[Result "1-0"]
[WhiteElo "1633"]
[BlackElo "1639"]
[PlyCount "105"]
[EventDate "2022.06.03"]
[EventType "tourn"]
[EventRounds "5"]
[EventCountry "CAN"]

1. e4 d6 2. d4 Nf6 3. Bd3 g6 4. h3 Bg7 5. c3 O-O 6. Ne2 e5 7. dxe5 dxe5 8. O-O
Nc6 9. Be3 b6 10. Qc2 Bb7 11. Nd2 h6 12. Rad1 Qe7 13. a3 Rad8 14. f3 Nb8 15.
Rfe1 Ba6 16. Bxa6 Nxa6 17. b4 c5 18. b5 Nc7 19. c4 Ne6 20. Nc3 Nd4 21. Qb2 Kh7
22. a4 Qc7 23. Nf1 Nh5 24. Bf2 Nf4 25. Ne3 Qc8 26. Bg3 Nxh3+ 27. gxh3 Nxf3+ 28.
Kg2 Nxe1+ 29. Rxe1 Rd4 30. Qc2 Qd8 31. Ncd5 Qg5 32. h4 Qd8 33. Bf2 h5 34. Nf1
Kh8 35. Bxd4 exd4 36. Qf2 Be5 37. Nd2 f5 38. Nf3 fxe4 39. Rxe4 Bd6 40. Qe2 Qd7
41. Re6 Kg7 42. Qe4 Rf5 43. Ng5 d3 44. Nf3 Bf8 45. Rc6 Bd6 46. Qxd3 Rxd5 47.
Qxd5 Qg4+ 48. Kf1 Qh3+ 49. Ke2 Bf4 50. Qd1 Qg2+ 51. Kd3 Qb2 52. Qc2 Qa1 53.
Qc3+ 1-0

[Event "Transcontinental ABCD"]
[Site "Montreal CAN"]
[Date "2022.06.04"]
[Round "3"]
[White "Gauthier, Luc"]
[Black "Nica, Ion"]
[Result "1-0"]
[WhiteElo "1617"]
[BlackElo "1696"]
[PlyCount "128"]
[EventDate "2022.06.03"]
[EventType "tourn"]
[EventRounds "5"]
[EventCountry "CAN"]

1. e4 c5 2. f4 d5 3. Nf3 dxe4 4. Ng5 Nf6 5. Bc4 e6 6. Nc3 Be7 7. Ngxe4 O-O 8.
d3 Nc6 9. Be3 b6 10. O-O Nd5 11. Qd2 Nxe3 12. Qxe3 Nd4 13. Qd2 Bb7 14. Rad1 a6
15. Kh1 b5 16. Bb3 Rc8 17. a4 b4 18. Ne2 Nxb3 19. cxb3 Qd5 20. Ng1 Qxb3 21. Nf3
Rfd8 22. Qe2 Bxe4 23. Qxe4 Qd5 24. Qe2 Bf6 25. Rfe1 a5 26. Ne5 Bxe5 27. fxe5
Rf8 28. Qh5 f5 29. Re3 Qd7 30. Rh3 g6 31. Qg5 Qg7 32. Qe3 Rfd8 33. Qe2 Rd5 34.
Re3 Rcd8 35. h3 Qd7 36. Qc2 Qc7 37. Rde1 Qd7 38. Rd1 Qe7 39. Qc4 Qg5 40. Ree1
Qg3 41. Qa6 Rxe5 42. Rxe5 Qxe5 43. Qxa5 Qd6 44. Qb5 Rb8 45. Qc4 Kf7 46. Rc1 Rc8
47. d4 Ra8 48. dxc5 Qc6 49. b3 Rb8 50. Rd1 Qe4 51. Qxe4 fxe4 52. Re1 Rc8 53.
Rxe4 Rxc5 54. Rxb4 Rc1+ 55. Kh2 h5 56. a5 Rc7 57. a6 Ke7 58. Rb7 Kd7 59. Rxc7+
Kxc7 60. b4 h4 61. b5 e5 62. Kg1 Kb6 63. Kf2 g5 64. Ke3 Ka7 1-0

[Event "Transcontinental ABCD"]
[Site "Montreal CAN"]
[Date "2022.06.04"]
[Round "3"]
[White "Goldner, John"]
[Black "Fiset, Anais Chloe"]
[Result "0-1"]
[WhiteElo "1740"]
[BlackElo "1726"]
[PlyCount "98"]
[EventDate "2022.06.03"]
[EventType "tourn"]
[EventRounds "5"]
[EventCountry "CAN"]

1. e4 d5 2. exd5 Qxd5 3. Nc3 Qa5 4. d4 Nf6 5. Bd2 c6 6. Nf3 Bf5 7. Bc4 Nbd7 8.
O-O e6 9. h3 Qc7 10. Re1 Bd6 11. d5 cxd5 12. Nb5 Qb6 13. Nxd6+ Qxd6 14. Bb3 O-O
15. a3 Rfd8 16. Nh4 Bg6 17. Nxg6 hxg6 18. Bg5 Qc6 19. c3 Re8 20. Rc1 Ne4 21.
Be3 Ndc5 22. Bc2 Nd6 23. f3 Nc4 24. Qd4 Rac8 25. b4 Nd7 26. Ra1 Nxe3 27. Rxe3
Qb6 28. Ba4 Qxd4 29. cxd4 Re7 30. Bxd7 Rxd7 31. Rd1 Rdc7 32. Rdd3 Rc2 33. f4
Ra2 34. Rc3 Rc4 35. Red3 Re2 36. Kf1 Re4 37. g3 Rexd4 38. Rxd4 Rxc3 39. b5 Rxa3
40. Kf2 Rb3 41. Ra4 Rxb5 42. Rxa7 Rb3 43. Ra8+ Kh7 44. Rf8 b5 45. Rxf7 b4 46.
Re7 Rb1 47. Rxe6 b3 48. Rb6 b2 49. Ke2 Rh1 0-1

[Event "Transcontinental ABCD"]
[Site "Montreal CAN"]
[Date "2022.06.04"]
[Round "3"]
[White "Letarte-Lavoie, Francis"]
[Black "Cote, Etienne"]
[Result "1-0"]
[WhiteElo "1865"]
[BlackElo "1796"]
[PlyCount "65"]
[EventDate "2022.06.03"]
[EventType "tourn"]
[EventRounds "5"]
[EventCountry "CAN"]

1. e4 e5 2. Nf3 Nc6 3. Bc4 Nf6 4. d4 exd4 5. e5 d5 6. Bb5 Bb4+ 7. c3 dxc3 8.
bxc3 Qe7 9. Bxc6+ bxc6 10. cxb4 Ne4 11. O-O Qxb4 12. Qc2 c5 13. Nbd2 Nc3 14. a3
Ne2+ 15. Kh1 Qa5 16. Re1 Nxc1 17. Rexc1 c4 18. Re1 O-O 19. Ng5 g6 20. e6 fxe6
21. Ndf3 c5 22. h4 c3 23. h5 e5 24. hxg6 Bf5 25. Qd1 d4 26. Qb3+ Kh8 27. Qb7
Bxg6 28. Ne6 Rg8 29. Qd5 h6 30. Qxe5+ Kh7 31. g3 d3 32. Kg2 h5 33. Rh1 1-0

[Event "Transcontinental ABCD"]
[Site "Montreal CAN"]
[Date "2022.06.04"]
[Round "3"]
[White "Messier, David"]
[Black "Varro, Daniel"]
[Result "1/2-1/2"]
[WhiteElo "1771"]
[BlackElo "1774"]
[PlyCount "71"]
[EventDate "2022.06.03"]
[EventType "tourn"]
[EventRounds "5"]
[EventCountry "CAN"]

1. e4 c5 2. c3 Nf6 3. e5 Nd5 4. d4 cxd4 5. Nf3 Nc6 6. cxd4 d6 7. Nc3 Nxc3 8.
bxc3 e6 9. Bf4 Qc7 10. Bb5 Bd7 11. exd6 Bxd6 12. Bxd6 Qxd6 13. O-O Ne5 14. Be2
Nxf3+ 15. Bxf3 Bc6 16. d5 exd5 17. Re1+ Kf8 18. Qd4 Qf6 19. Qc5+ Kg8 20. Bxd5
Bxd5 21. Qxd5 g6 22. Qxb7 Kg7 23. Qb4 Rab8 24. Qd4 Rb2 25. Kf1 Rd8 26. Qxf6+
Kxf6 27. Re3 Rdd2 28. Rf3+ Kg7 29. a3 f5 30. Rc1 a5 31. c4 Kf6 32. g4 Kg5 33.
gxf5 gxf5 34. c5 Rdc2 35. Rxc2 Rxc2 36. Rh3 1/2-1/2

[Event "Transcontinental ABCD"]
[Site "Montreal CAN"]
[Date "2022.06.04"]
[Round "3"]
[White "Robichaud, Louis"]
[Black "Guipi Bopala, Prince Eric jr"]
[Result "0-1"]
[WhiteElo "2129"]
[BlackElo "2029"]
[PlyCount "86"]
[EventDate "2022.06.03"]
[EventType "tourn"]
[EventRounds "5"]
[EventCountry "CAN"]

1. e4 c6 2. d3 d5 3. Nd2 g6 4. g3 Bg7 5. Bg2 Nh6 6. Ngf3 O-O 7. O-O f6 8. a4
Na6 9. Nb3 Nf7 10. Qe2 e5 11. c3 Be6 12. Nbd2 Qd7 13. b4 Nc7 14. Bb2 Rad8 15.
Rfd1 Rfe8 16. c4 Na6 17. Ba3 f5 18. cxd5 cxd5 19. b5 Nc7 20. Bc5 b6 21. Ba3
fxe4 22. dxe4 d4 23. Nf1 Bb3 24. Bb4 Bxd1 25. Rxd1 Ne6 26. Ne3 Qb7 27. Nd5 Nd6
28. Nd2 Nc7 29. Nc4 Nxc4 30. Qxc4 Nxd5 31. exd5 e4 32. d6+ Qf7 33. Qc7 Qb3 34.
Rc1 Qxb4 35. d7 Rf8 36. Bxe4 Qd2 37. Rf1 Qe2 38. Bd5+ Kh8 39. Bc4 Qe7 40. Qxa7
Qd6 41. a5 Rxd7 42. Qxb6 Qxb6 43. axb6 Rb7 0-1

[Event "Transcontinental ABCD"]
[Site "Montreal CAN"]
[Date "2022.06.04"]
[Round "3"]
[White "Tsukerman, Julia"]
[Black "Kozlov, Guennadi"]
[Result "1-0"]
[WhiteElo "1960"]
[BlackElo "1833"]
[PlyCount "107"]
[EventDate "2022.06.03"]
[EventType "tourn"]
[EventRounds "5"]
[EventCountry "CAN"]

1. e4 e6 2. d4 d5 3. Nd2 Nf6 4. e5 Nfd7 5. Bd3 c5 6. c3 Nc6 7. Ne2 c4 8. Bc2 b5
9. f4 a5 10. O-O Nb6 11. a3 Bd7 12. f5 g6 13. fxe6 Bxe6 14. Nf4 Qd7 15. Nf3 Bg4
16. h3 Bxf3 17. Qxf3 O-O-O 18. Ne2 Bg7 19. Qxf7 Rhf8 20. Qxd7+ Kxd7 21. Bg5
Rxf1+ 22. Rxf1 Rf8 23. h4 Rxf1+ 24. Kxf1 Bf8 25. Bd2 b4 26. axb4 axb4 27. Ng3
bxc3 28. bxc3 Ne7 29. Kf2 Ke6 30. h5 Kf7 31. Kf3 Na8 32. Kg4 Nc7 33. Ne2 Ne6
34. Nf4 Bh6 35. g3 Ng7 36. hxg6+ hxg6 37. Be1 Ngf5 38. Bf2 Ng7 39. Be3 Ngf5 40.
Bc1 Bf8 41. Kf3 Ng7 42. Ba3 g5 43. Nh3 Ne6 44. Bc1 Nc6 45. Nxg5+ Ke7 46. Nxe6
Kxe6 47. g4 Na5 48. Bf5+ Kf7 49. Bg5 Nc6 50. Bd7 Ne7 51. Kf4 Ng6+ 52. Kf5 Ne7+
53. Bxe7 Bxe7 54. Be6+ 1-0

[Event "Transcontinental ABCD"]
[Site "Montreal CAN"]
[Date "2022.06.04"]
[Round "3"]
[White "Turcotte, Jonathan"]
[Black "Sekki, Abderaouf"]
[Result "1-0"]
[WhiteElo "1994"]
[BlackElo "1792"]
[PlyCount "73"]
[EventDate "2022.06.03"]
[EventType "tourn"]
[EventRounds "5"]
[EventCountry "CAN"]

1. d4 f5 2. c4 Nf6 3. Nc3 e6 4. Nf3 Bb4 5. Bd2 O-O 6. g3 d6 7. Bg2 Bxc3 8. Bxc3
Ne4 9. Rc1 a5 10. O-O Nd7 11. Be1 e5 12. dxe5 Nxe5 13. Nxe5 dxe5 14. Qd5+ Qxd5
15. cxd5 Rd8 16. f3 Nf6 17. e4 fxe4 18. fxe4 c6 19. dxc6 bxc6 20. Rxc6 Ba6 21.
Rxa6 Rxa6 22. Bc3 Re8 23. a4 Nd7 24. Rd1 Nc5 25. Bf1 Raa8 26. Bc4+ Kh8 27. Bd5
Rab8 28. Bc6 Red8 29. Ra1 Rbc8 30. Bd5 Rb8 31. Bxa5 Rxd5 32. exd5 Nb3 33. Bc7
Rb7 34. d6 Nc5 35. a5 Kg8 36. a6 Nxa6 37. Rxa6 1-0

[Event "Transcontinental ABCD"]
[Site "Montreal CAN"]
[Date "2022.06.04"]
[Round "3"]
[White "Yu, Zong Yang"]
[Black "Jacquet, Stephane"]
[Result "1-0"]
[WhiteElo "2481"]
[BlackElo "2022"]
[PlyCount "37"]
[EventDate "2022.06.03"]
[EventType "tourn"]
[EventRounds "5"]
[EventCountry "CAN"]

1. d4 d6 2. Nf3 g6 3. g3 Bg7 4. Bg2 Nf6 5. O-O O-O 6. b3 c5 7. Bb2 Ne4 8. Qc1
f5 9. c4 Nc6 10. dxc5 Nxc5 11. Bxg7 Kxg7 12. Nc3 e5 13. Rd1 Ne7 14. Nxe5 Qb6
15. Nf3 Ne4 16. Nxe4 fxe4 17. Nd4 Bf5 18. Qe3 Rae8 19. Nc2 1-0

[Event "Transcontinental ABCD"]
[Site "Montreal CAN"]
[Date "2022.06.05"]
[Round "4"]
[White "Afarian, Aram Sevag"]
[Black "Gauthier, Luc"]
[Result "1-0"]
[WhiteElo "1696"]
[BlackElo "1617"]
[PlyCount "63"]
[EventDate "2022.06.03"]
[EventType "tourn"]
[EventRounds "5"]
[EventCountry "CAN"]

1. d4 d5 2. Bf4 c5 3. e3 Nc6 4. Nf3 Bf5 5. c3 c4 6. Qa4 Nf6 7. Nbd2 e6 8. b3
cxb3 9. axb3 Ne4 10. Nxe4 Bxe4 11. Ne5 Qb6 12. Bb5 Rc8 13. f3 Bg6 14. O-O Be7
15. Bxc6+ bxc6 16. Qxa7 Qxa7 17. Rxa7 c5 18. Nxg6 hxg6 19. Rfa1 g5 20. Bg3 f5
21. Be5 Rg8 22. Rb7 cxd4 23. Bxd4 Bf6 24. Bxf6 gxf6 25. Raa7 f4 26. Kf2 e5 27.
exf4 gxf4 28. g3 d4 29. c4 fxg3+ 30. hxg3 f5 31. Re7+ Kf8 32. Rxe5 1-0

[Event "Transcontinental ABCD"]
[Site "Montreal CAN"]
[Date "2022.06.05"]
[Round "4"]
[White "Bain-Thouverez, Aurelien"]
[Black "Girard, Sylvain"]
[Result "1-0"]
[WhiteElo "1720"]
[BlackElo "1639"]
[PlyCount "66"]
[EventDate "2022.06.03"]
[EventType "tourn"]
[EventRounds "5"]
[EventCountry "CAN"]

1. Nf3 c5 2. g3 Nf6 3. Bg2 Nc6 4. d4 cxd4 5. Nxd4 g6 6. O-O Bg7 7. c4 O-O 8.
Nc3 Qb6 9. Ndb5 a6 10. Be3 Qd8 11. Qa4 Rb8 12. Na3 d6 13. Nd5 Nxd5 14. cxd5 Ne5
15. Rac1 Bf5 16. Bd4 Bh6 17. f4 Bd7 18. Qd1 Ng4 19. Qd3 b5 20. b4 Nf6 21. Rc3
Rc8 22. Rfc1 e6 23. dxe6 fxe6 24. Bb7 Rxc3 25. Rxc3 Nd5 26. Rb3 Bc8 27. Bxd5
exd5 28. Qf3 Be6 29. Re3 Qd7 30. Nc2 Bg7 31. Bxg7 Kxg7 32. Nd4 Bf7 33. f5 g5
1-0

[Event "Transcontinental ABCD"]
[Site "Montreal CAN"]
[Date "2022.06.05"]
[Round "4"]
[White "Constantin, David"]
[Black "Jacquet, Stephane"]
[Result "1-0"]
[WhiteElo "2082"]
[BlackElo "2022"]
[PlyCount "87"]
[EventDate "2022.06.03"]
[EventType "tourn"]
[EventRounds "5"]
[EventCountry "CAN"]

1. Nf3 Nf6 2. c4 g6 3. Nc3 Bg7 4. d4 d6 5. Bf4 O-O 6. Qd2 Nbd7 7. Bh6 e5 8.
dxe5 Bxh6 9. Qxh6 Ng4 10. Qf4 Ndxe5 11. e3 c6 12. h3 Nxf3+ 13. gxf3 Ne5 14.
O-O-O Bf5 15. h4 b5 16. c5 b4 17. Qxb4 d5 18. h5 Rb8 19. Qf4 Qe7 20. Be2 a5 21.
e4 Rb4 22. Qe3 dxe4 23. fxe4 Be6 24. Rd2 Rd8 25. a3 Rb3 26. f4 Nd7 27. hxg6
fxg6 28. f5 Nxc5 29. fxe6 Na4 30. Rd7 Qxe6 31. Qd4 Rxc3+ 32. bxc3 Rb8 33. Kd2
Rb2+ 34. Ke3 Rxe2+ 35. Kxe2 Qg4+ 36. Kd2 Qg2+ 37. Ke3 Qg3+ 38. Ke2 Qg2+ 39. Qf2
Nxc3+ 40. Ke3 Qg5+ 41. Kd3 Qb5+ 42. Kxc3 Qe5+ 43. Qd4 Qg3+ 44. Kc4 1-0

[Event "Transcontinental ABCD"]
[Site "Montreal CAN"]
[Date "2022.06.05"]
[Round "4"]
[White "Cote, Etienne"]
[Black "Turcotte, Jonathan"]
[Result "0-1"]
[WhiteElo "1796"]
[BlackElo "1994"]
[PlyCount "90"]
[EventDate "2022.06.03"]
[EventType "tourn"]
[EventRounds "5"]
[EventCountry "CAN"]

1. e4 c5 2. Nf3 Nc6 3. Bb5 g6 4. Bxc6 bxc6 5. O-O Nf6 6. Re1 Bg7 7. d3 O-O 8.
Nbd2 d6 9. Nf1 a5 10. Rb1 Ne8 11. Ng3 e5 12. h3 Nc7 13. c4 a4 14. Nh2 Ne6 15.
Ne2 f5 16. exf5 gxf5 17. f4 e4 18. Nc3 d5 19. g3 a3 20. dxe4 dxe4 21. Nf1 Qd4+
22. Ne3 Rb8 23. Na4 Ba6 24. b3 Bxc4 25. Qxd4 Bxd4 26. Bxa3 Bb5 27. Rbc1 Bxa4
28. bxa4 Bb2 29. Bxb2 Rxb2 30. Rc2 Rxc2 31. Nxc2 Nd4 32. Nxd4 cxd4 33. Rc1 Ra8
34. Rxc6 Rxa4 35. Rc5 d3 36. Kf1 Rxa2 37. Rd5 Rh2 38. Kg1 Rxh3 39. Kg2 Rh6 40.
Kf2 Rh2+ 41. Ke1 Rg2 42. Rxf5 d2+ 43. Kd1 e3 44. Rd5 Rg1+ 45. Ke2 Re1+ 0-1

[Event "Transcontinental ABCD"]
[Site "Montreal CAN"]
[Date "2022.06.05"]
[Round "4"]
[White "Fiset, Anais Chloe"]
[Black "Varro, Daniel"]
[Result "0-1"]
[WhiteElo "1726"]
[BlackElo "1774"]
[PlyCount "102"]
[EventDate "2022.06.03"]
[EventType "tourn"]
[EventRounds "5"]
[EventCountry "CAN"]

1. e4 c5 2. Nf3 e6 3. c3 Nf6 4. e5 Nd5 5. d4 cxd4 6. cxd4 Nc6 7. Be2 d6 8. exd6
Bxd6 9. O-O O-O 10. Nc3 Nce7 11. Bd3 Bd7 12. Qe2 Ng6 13. Nxd5 exd5 14. Bg5 f6
15. Be3 Nf4 16. Bxf4 Bxf4 17. Qc2 g6 18. Rae1 Rc8 19. Qb1 Kg7 20. h3 Re8 21.
Rxe8 Bxe8 22. Re1 Kf7 23. g3 Bd6 24. Qd1 Qb6 25. Qe2 Bd7 26. Qe3 Bf8 27. h4 Re8
28. Qd2 Rxe1+ 29. Nxe1 h5 30. Be2 Bb4 31. Qd1 Bxe1 32. Qxe1 Qxd4 33. Qc1 Qe5
34. Bd3 b6 35. a3 g5 36. hxg5 fxg5 37. Qd1 Bg4 38. Qc1 Bf3 39. Bf1 h4 40. Bg2
Bxg2 41. Kxg2 hxg3 42. fxg3 d4 43. Qc4+ Kf6 44. Qd3 g4 45. b3 Qe3 46. Qxe3 dxe3
47. Kf1 Kf5 48. a4 a5 49. Ke1 Ke5 50. Kf1 Kd4 51. Ke2 Ke4 0-1

[Event "Transcontinental ABCD"]
[Site "Montreal CAN"]
[Date "2022.06.05"]
[Round "4"]
[White "Guipi Bopala, Prince Eric jr"]
[Black "Yu, Zong Yang"]
[Result "0-1"]
[WhiteElo "2029"]
[BlackElo "2481"]
[PlyCount "92"]
[EventDate "2022.06.03"]
[EventType "tourn"]
[EventRounds "5"]
[EventCountry "CAN"]

1. d4 Nf6 2. Bf4 g6 3. Nc3 d5 4. Qd2 Bg7 5. O-O-O O-O 6. f3 c5 7. dxc5 Qa5 8.
Kb1 Qxc5 9. Be3 Qa5 10. Nxd5 Qxd5 11. Qxd5 Nxd5 12. Rxd5 Nc6 13. Bc1 Be6 14.
Rd2 Rfd8 15. e4 Nb4 16. a3 Rxd2 17. Bxd2 Rd8 18. Bd3 Nxd3 19. cxd3 Rxd3 20. Kc2
Rd6 21. Bc3 Bxc3 22. bxc3 Ra6 23. Ne2 Rxa3 24. Rb1 Ra2+ 25. Rb2 Rxb2+ 26. Kxb2
Bc4 27. Nd4 e5 28. Nc2 Kf8 29. Ne3 Be6 30. Ka3 Ke7 31. Kb4 Kd6 32. c4 Kc6 33.
Nd5 b6 34. h4 a5+ 35. Kc3 f5 36. Nf6 fxe4 37. Nxe4 h6 38. g4 b5 39. cxb5+ Kxb5
40. Nd6+ Kc6 41. Ne4 Bd5 42. Nd2 Kc5 43. g5 hxg5 44. hxg5 a4 45. Kc2 Kd4 46.
Kb2 Ke3 0-1

[Event "Transcontinental ABCD"]
[Site "Montreal CAN"]
[Date "2022.06.05"]
[Round "4"]
[White "Jiang, Barron Jiyu"]
[Black "Messier, David"]
[Result "0-1"]
[WhiteElo "1740"]
[BlackElo "1771"]
[PlyCount "118"]
[EventDate "2022.06.03"]
[EventType "tourn"]
[EventRounds "5"]
[EventCountry "CAN"]

1. e4 c5 2. Nf3 d6 3. d4 cxd4 4. Nxd4 Nf6 5. Nc3 a6 6. Bg5 e6 7. f4 Be7 8. Qf3
Qa5 9. O-O-O Bd7 10. g4 Nc6 11. Bg2 Nxd4 12. Rxd4 e5 13. Bxf6 exd4 14. Bxg7 Rg8
15. Bxd4 Bxg4 16. Qf2 Be6 17. Kb1 Rc8 18. f5 Bc4 19. e5 dxe5 20. Bb6 Rxg2 21.
Qe3 Bg5 22. Qxg5 Rxg5 23. Bxa5 Rxf5 24. b3 Rf1+ 25. Rxf1 Bxf1 26. Ne4 Rc6 27.
Bb4 Kd7 28. Ng5 f5 29. Nf7 Ke6 30. Nd8+ Kd7 31. Nxc6 Kxc6 32. c4 f4 33. Kc2 e4
34. Kc3 f3 35. Kd4 Bd3 36. Ke3 Bb1 37. a3 Bc2 38. Be7 Bxb3 39. c5 Kd5 40. h3 h5
41. h4 Ke5 42. Bd8 Kd5 43. Be7 Kc4 44. Bd6 Ba4 45. Be7 Kb3 46. Bd6 Bc6 47. Bg3
Kxa3 48. Bf2 a5 49. Kf4 Kb3 50. Kg5 Be8 51. Kf4 Bc6 52. Kg5 Kc3 53. Kxh5 Kd3
54. Kg4 e3 55. Kg3 exf2 56. Kxf2 a4 57. h5 a3 58. h6 a2 59. h7 a1=Q 0-1

[Event "Transcontinental ABCD"]
[Site "Montreal CAN"]
[Date "2022.06.05"]
[Round "4"]
[White "Kozlov, Guennadi"]
[Black "Sekki, Abderaouf"]
[Result "0-1"]
[WhiteElo "1833"]
[BlackElo "1792"]
[PlyCount "60"]
[EventDate "2022.06.03"]
[EventType "tourn"]
[EventRounds "5"]
[EventCountry "CAN"]

1. d4 f5 2. c4 Nf6 3. Nc3 e6 4. g3 Bb4 5. Bg2 O-O 6. Nf3 Ne4 7. Qc2 d6 8. O-O
Bxc3 9. bxc3 Nc6 10. Nd2 Nxd2 11. Bxd2 e5 12. e3 Qe8 13. a4 Kh8 14. a5 Bd7 15.
Qb3 Rb8 16. Qa3 Qg6 17. f4 e4 18. c5 d5 19. Rf2 Ne7 20. Bf1 Be6 21. c4 dxc4 22.
Rc1 Ng8 23. Bxc4 Bxc4 24. Rxc4 Nf6 25. Bc1 Qh5 26. Rcc2 Ng4 27. Rg2 Nxh2 28.
Kf2 Qf3+ 29. Kg1 Qd1+ 30. Kxh2 Rf6 0-1

[Event "Transcontinental ABCD"]
[Site "Montreal CAN"]
[Date "2022.06.05"]
[Round "4"]
[White "Nica, Ion"]
[Black "Forgues, Eric"]
[Result "1/2-1/2"]
[WhiteElo "1696"]
[BlackElo "1633"]
[PlyCount "121"]
[EventDate "2022.06.03"]
[EventType "tourn"]
[EventRounds "5"]
[EventCountry "CAN"]

1. d4 Nf6 2. Bf4 d5 3. e3 c6 4. Bd3 e6 5. c3 Bd6 6. Bg3 Qc7 7. Nf3 Nbd7 8. Bxd6
Qxd6 9. Nbd2 e5 10. Nxe5 Nxe5 11. dxe5 Qxe5 12. Nf3 Qe7 13. h3 h6 14. Qc2 Bd7
15. Nd2 a6 16. Bf5 Qe5 17. Bxd7+ Nxd7 18. Nf3 Qe7 19. Nd2 O-O 20. O-O Rfe8 21.
Rad1 Nf6 22. Rfe1 Rad8 23. Qf5 g6 24. Qf4 Kg7 25. g4 Qe6 26. Kg2 g5 27. Qf3 Ne4
28. Nf1 Rf8 29. Ng3 Nxg3 30. Qxg3 f5 31. f3 Rd7 32. f4 fxg4 33. hxg4 Qe4+ 34.
Qf3 Qc2+ 35. Qe2 Qxe2+ 36. Rxe2 gxf4 37. exf4 Rxf4 38. Rd4 Rxd4 39. cxd4 Rf7
40. Kg3 a5 41. a3 b6 42. Rc2 Rc7 43. b3 c5 44. Kf3 Kg6 45. Kf4 Kf6 46. Rh2 c4
47. Rxh6+ Kf7 48. Rh3 c3 49. Rh1 c2 50. Rc1 Kf6 51. g5+ Ke6 52. g6 Kf6 53. g7
Kxg7 54. Ke5 Kf7 55. Kxd5 Ke7 56. Ke4 Kd6 57. Kd3 Kd5 58. Rxc2 Rxc2 59. Kxc2
Kxd4 60. Kd2 Kd5 61. Kd3 1/2-1/2

[Event "Transcontinental ABCD"]
[Site "Montreal CAN"]
[Date "2022.06.05"]
[Round "4"]
[White "Tsukerman, Julia"]
[Black "Letarte-Lavoie, Francis"]
[Result "1/2-1/2"]
[WhiteElo "1960"]
[BlackElo "1865"]
[PlyCount "115"]
[EventDate "2022.06.03"]
[EventType "tourn"]
[EventRounds "5"]
[EventCountry "CAN"]

1. e4 c5 2. Nf3 g6 3. d4 cxd4 4. Nxd4 Nc6 5. Be3 Bg7 6. c4 Nf6 7. Nc3 Ng4 8.
Qxg4 Nxd4 9. Qd1 e5 10. Bd3 O-O 11. O-O d6 12. Qd2 Ne6 13. Rfd1 Nd4 14. Ne2 Bg4
15. Re1 Rc8 16. Nxd4 exd4 17. Bf4 Be6 18. b3 a5 19. Bh6 Bxh6 20. Qxh6 a4 21.
Qd2 axb3 22. axb3 Qb6 23. Rab1 Ra8 24. Red1 Ra3 25. Qb2 Rfa8 26. Bf1 d3 27.
Rxd3 Qb4 28. Qc3 Qxc3 29. Rxc3 Ra1 30. Rxa1 Rxa1 31. f3 Kf8 32. Kf2 Rb1 33. Bd3
Rd1 34. Be2 Rb1 35. f4 h5 36. e5 dxe5 37. fxe5 Ke7 38. Bf3 b6 39. Ke3 Bf5 40.
Bd5 Re1+ 41. Kf4 Rf1+ 42. Rf3 Rb1 43. h3 Rb2 44. g4 hxg4 45. hxg4 Be6 46. Rd3
Bc8 47. Rc3 Be6 48. Rd3 Bc8 49. Rf3 Ra2 50. Rg3 Rf2+ 51. Ke3 Rb2 52. Kd4 Rd2+
53. Kc3 Re2 54. Rf3 Be6 55. Bxe6 fxe6 56. Rf6 g5 57. Kd4 Rg2 58. Rf3 1/2-1/2